Plzeň /

Další autoři: Halada, Vladimír, Gloser, Hynek, 1931-, Hauner, Miroslav, 1950-, Čapka, Bohuslav
Jazyk: Ruština
Němčina
Čeština
Angličtina
Vydáno: Praha : Pressfoto, 1986
Vydání: 1. vyd.
Edice: Města ČSSR. ČSR
Fyzický popis: 136 s. : 61 s. barev. fot. příl.
Knihy
Uloženo v:
LEADER 01202nam a22003492a 4500
001 000859322
003 CZ BrMZK
005 20140716095736.0
007 ta
008 070727s1986 xr af er|||||||||||cze d
015 |a cnb000054798 
035 |a (OCoLC)18698602 
040 |a BOA001  |b cze 
041 0 |a cze  |a rus  |a ger  |a eng 
080 9 |a 908.437.171 
080 9 |a 943.717.1 
245 0 0 |a Plzeň /  |c text Hynek Gloser (ved. aut. kol.) ; foto Vladimír Halada, Miroslav Hauner, Bohuslav Čapka 
250 |a 1. vyd. 
260 |a Praha :  |b Pressfoto,  |c 1986 
300 |a 136 s. :  |b 61 s. barev. fot. příl. 
490 1 |a Města ČSSR. ČSR ;  |v sv. 4 
700 1 |a Halada, Vladimír  |7 jx20071130019  |4 pht 
700 1 |a Gloser, Hynek,  |d 1931-  |7 jx20090409017  |4 aut 
700 1 |a Hauner, Miroslav,  |d 1950-  |7 jk01040176  |4 pht 
700 1 |a Čapka, Bohuslav  |4 pht 
830 0 |a Města ČSSR.  |p ČSR 
910 |a BOA001  |b 1-0922.826  |b TK-0234.787 
920 |a 000224233 
990 |a BK 
991 |b 200707 
996 6 |b 2619602332  |c 1-0922.826  |l MZK  |r Sklad / do 1 hodiny  |n 1  |w 000859322  |u 000010  |a 1  |e BOA001  |j MZK50  |s P 
996 7 |b 2629996368  |c TK-0234.787  |l MZK  |r Sklad / do 24 hodin  |n 2  |w 000859322  |u 000020  |a 1  |e BOA001  |j MZK50  |s A